000 00785nam a2200181Ia 4500
008 151202s9999||||xx |||||||||||||| ||und||
082 _bPNVM-46537
100 _aपेरेइरा ए.पी.-अनु.-देशपांडे विश्वनाथ.
245 _aतीस दिवसांत यश.
260 _bसाकेत प्रकाशन औरंगाबाद.
260 _c2004
300 _a142
600 _aपेरेइरा ए.पी.-अनु.-देशपांडे विश्वनाथ.
630 _aतीस दिवसांत यश.
700 _aपेरेइरा ए.पी.-अनु.-देशपांडे विश्वनाथ.
730 _aतीस दिवसांत यश.
942 _cBOOK
999 _c1312487
_d1312484